Democratization /

Spremljeno u:
Bibliografski detalji
Format: Knjiga
Jezik:English
Izdano: Cambridge, UK : Polity Press, 1997.
Teme:
Oznake: Dodaj oznaku
Bez oznaka, Budi prvi tko označuje ovaj zapis!
Thư viện lưu trữ: Mạng thư viện Đại học Đà Nẵng
LEADER 00825cam a2200325 i 4500
001 000047868
003 7562
005 20030312143345.0
008 010326|1997 vm 000 eng
020 |a 0745618154 
040 |a IRC  |c IRC  |d IRC 
041 0 |a eng 
082 1 4 |a 909.08  |b Dem 
245 0 0 |a Democratization /  |c edited by David Potter .. [et al.] 
260 |a Cambridge, UK :  |b Polity Press,  |c 1997. 
300 |a xii, 550 p. :  |b ill., maps ;  |c 24.5cm. 
630 0 4 |a Democracy. 
630 0 4 |a Democratization. 
650 0 4 |a Democracy  |x History. 
650 0 4 |a Democratization. 
OWN |a DUT 
999 |a From the UDN01 
TYP |a Monograph 
TYP |a Printed language 
980 |a Mạng thư viện Đại học Đà Nẵng